000 00804nam a2200277Ia 4500
003 OSt
005 20221006160023.0
006 a|||||r|||| 00| 0
007 ta
008 221006b |||||||| |||| 00| 0 eng d
020 _a9781565912823
_cW35,000
024 _a44,078
037 _bGift, Korean Embassy (Window on Korea)
_cTextual
040 _aEASL
_cEASL
_beng
041 _2eng
_aeng
082 _aV495.H, P8
100 _aJeon Ho-tae
245 0 _aGoguryeo
_b In search of its culture and history
260 _aSeoul
_bHollym Korea
_c2008
300 _a288p.
_ccm.
490 _v KEL
_aKorean History
650 _a KEL
650 _aHistory - Korea
942 _hV495.H, P8
_cTEXL
_2CC
999 _c1112170
_d1112170